Макулатура - особый вид товарного сырья; Прогрессивные технологии и экономика в машиностроении

Detalles Bibliográficos
Parent link:Прогрессивные технологии и экономика в машиностроении.— 2014.— [С. 578-580]
Autor Principal: Трофимова А. В.
Autor Corporativo: Национальный исследовательский Томский политехнический университет (ТПУ) Юргинский технологический институт (филиал) (ЮТИ) Кафедра безопасности жизнедеятельности, экологии и физического воспитания (БЖДЭФВ)
Outros autores: Мальчик А. Г. Александра Геннадьевна (научный руководитель)
Summary:Заглавие с экрана
Idioma:ruso
Publicado: 2014
Series:Экология, безопасность и охрана труда на предприятии
Subjects:
Acceso en liña:http://earchive.tpu.ru/handle/11683/73586
Formato: MixedMaterials Electrónico Capítulo de libro
KOHA link:https://koha.lib.tpu.ru/cgi-bin/koha/opac-detail.pl?biblionumber=614856

MARC

LEADER 00000naa2a2200000 4500
001 614856
005 20240117140959.0
035 |a (RuTPU)RU\TPU\conf\13026 
035 |a RU\TPU\conf\13018 
090 |a 614856 
100 |a 20151014d2014 k y0rusy50 ca 
101 0 |a rus 
102 |a RU 
105 |a y z 100zy 
135 |a drgn ---uucaa 
181 0 |a i  
182 0 |a b 
200 1 |a Макулатура - особый вид товарного сырья  |f А. В. Трофимова  |g науч. рук. А. Г. Мальчик 
203 |a Текст  |c электронный 
215 |a 1 файл(276 Кб) 
225 1 |a Экология, безопасность и охрана труда на предприятии 
300 |a Заглавие с экрана 
320 |a [Библиогр.: с. 580 (4 назв.)] 
337 |a Adobe Reader 
463 1 |0 (RuTPU)RU\TPU\conf\11902  |t Прогрессивные технологии и экономика в машиностроении  |o сборник трудов V Всероссийской научно-практической конференции для студентов и учащейся молодежи, 3-5 апреля 2014 г. Юрга  |f Национальный исследовательский Томский политехнический университет (ТПУ), Юргинский технологический институт (ЮТИ) ; отв. ред. Д. А. Чинахов  |v [С. 578-580]  |d 2014 
610 1 |a электронный ресурс 
610 1 |a труды учёных ТПУ 
610 1 |a макулатура 
610 1 |a сырье 
610 1 |a целлюлозно-бумажное производство 
700 1 |a Трофимова  |b А. В. 
702 1 |a Мальчик  |b А. Г.  |c специалист в области экологии и безопасности жизнедеятельности  |c доцент Юргинского технологического института Томского политехнического университета, кандидат технических наук  |f 1970-  |g Александра Геннадьевна  |4 727 
712 0 2 |a Национальный исследовательский Томский политехнический университет (ТПУ)  |b Юргинский технологический институт (филиал) (ЮТИ)  |b Кафедра безопасности жизнедеятельности, экологии и физического воспитания (БЖДЭФВ)  |3 (RuTPU)RU\TPU\col\18930 
801 1 |a RU  |b 63413507  |c 20101016 
801 2 |a RU  |b 63413507  |c 20221102  |g RCR 
856 4 |u http://earchive.tpu.ru/handle/11683/73586 
942 |c BK